[Event "RUS-ch sf"]
[Site "Krasnodar"]
[Date "1998.??.??"]
[Round "?"]
[White "Astrahantsev, Anatoly"]
[Black "Averkin, Orest Nikolaevich"]
[Result "1/2-1/2"]
[WhiteElo "2305"]
[BlackElo "2430"]
[PlyCount "69"]
[EventDate "1998.??.??"]
[EventType "swiss"]
[EventRounds "9"]
[EventCountry "RUS"]
[SourceTitle "EXT 2000"]
[Source "ChessBase"]
[SourceDate "1999.11.16"]
[SourceVersion "1"]
[SourceVersionDate "1999.11.16"]
[SourceQuality "1"]

1. d4 Nf6 2. c4 e6 3. Nc3 Bb4 4. a3 Bxc3+ 5. bxc3 Nc6 6. f3 b6 7. e4 Ba6 8. Bg5 h6 9. Bh4 Na5 10. Qa4 Qc8 11. Rd1 Qb7 12. d5 0-0-0 13. Bd3 c5 14. Bxf6 gxf6 15. f4 Rhg8 16. Kf2 Qc7 17. g3 f5 18. exf5 e5 19. Nh3 exf4 20. Nxf4 Qe5 21. Qc2 Rg4 22. Kf3 Rdg8 23. Rde1 Qg7 24. Re4 Nb7 25. Qa4 Na5 26. Rhe1 Qxc3 27. Re8+ Kc7 28. Rxg8 Rxg8 29. Re7 Rd8 30. Ng2 Qf6 31. Re2 Kc8 32. Qc2 Nb7 33. Qa4 Na5 34. Qc2 Nb7 35. Qa4 1/2-1/2

[Event "RUS-Cup"]
[Site "Krasnodar"]
[Date "1998.??.??"]
[Round "2"]
[White "Averkin, Orest Nikolaevich"]
[Black "Batikiants, Semen"]
[Result "1-0"]
[WhiteElo "2430"]
[BlackElo "2195"]
[PlyCount "43"]
[EventDate "1998.??.??"]
[EventType "swiss"]
[EventRounds "9"]
[EventCountry "RUS"]
[SourceTitle "EXT 2000"]
[Source "ChessBase"]
[SourceDate "1999.11.16"]
[SourceVersion "1"]
[SourceVersionDate "1999.11.16"]
[SourceQuality "1"]

1. d4 d5 2. c4 Nc6 3. cxd5 Qxd5 4. e3 e5 5. Nc3 Bb4 6. Bd2 Bxc3 7. Bxc3 exd4 8. Ne2 Bg4 9. f3 Bxf3 10. gxf3 Qxf3 11. Nxd4 Qxh1 12. Nxc6 Nf6 13. Na5 Qxh2 14. Qa4+ c6 15. 0-0-0 Qc7 16. Qb4 Nd5 17. Rxd5 cxd5 18. Bb5+ Kd8 19. Nxb7+ Kc8 20. Nd6+ Kb8 21. Ba6+ Qb6 22. Nc4 1-0

[Event "Krasnodar"]
[Site "Krasnodar"]
[Date "1998.??.??"]
[Round "6"]
[White "Averkin, Orest Nikolaevich"]
[Black "Brodsky, Michail"]
[Result "1/2-1/2"]
[WhiteElo "2430"]
[BlackElo "2545"]
[PlyCount "64"]
[EventDate "1998.??.??"]
[EventType "tourn"]
[EventRounds "11"]
[EventCountry "RUS"]
[EventCategory "9"]
[SourceTitle "EXT 2000"]
[Source "ChessBase"]
[SourceDate "1999.11.16"]
[SourceVersion "1"]
[SourceVersionDate "1999.11.16"]
[SourceQuality "1"]

1. d4 Nf6 2. Nf3 c5 3. d5 g6 4. Nc3 Bg7 5. e4 d6 6. Bb5+ Bd7 7. a4 0-0 8. h3 Na6 9. 0-0 Nc7 10. Bc4 a6 11. e5 Nfe8 12. Re1 b5 13. Bf1 Rb8 14. axb5 axb5 15. Bf4 Ra8 16. Rb1 b4 17. Ne4 Bb5 18. Bxb5 Nxb5 19. Qd2 Nec7 20. exd6 exd6 21. Bh6 Ra2 22. Bxg7 Kxg7 23. Nh2 Nd4 24. c3 bxc3 25. Nxc3 Ra6 26. b4 h5 27. Ne4 Qa8 28. bxc5 Qxd5 29. cxd6 Nce6 30. Rbd1 Qa5 31. Qxa5 Rxa5 32. h4 Rd8 1/2-1/2

[Event "Krasnodar"]
[Site "Krasnodar"]
[Date "1998.??.??"]
[Round "2"]
[White "Averkin, Orest Nikolaevich"]
[Black "Zezulkin, Jurij"]
[Result "1/2-1/2"]
[WhiteElo "2430"]
[BlackElo "2485"]
[PlyCount "164"]
[EventDate "1998.??.??"]
[EventType "tourn"]
[EventRounds "11"]
[EventCountry "RUS"]
[EventCategory "9"]
[SourceTitle "EXT 2000"]
[Source "ChessBase"]
[SourceDate "1999.11.16"]
[SourceVersion "1"]
[SourceVersionDate "1999.11.16"]
[SourceQuality "1"]

1. Nf3 Nf6 2. c4 g6 3. Nc3 d5 4. cxd5 Nxd5 5. e4 Nxc3 6. bxc3 Bg7 7. Ba3 Nd7 8. Bc4 0-0 9. 0-0 c5 10. d4 Qa5 11. Qb3 b5 12. Bd5 Rb8 13. dxc5 Bxc3 14. c6 b4 15. cxd7 Bxd7 16. Rac1 Ba4 17. Bxb4 Bxb4 18. Qe3 e6 19. Bb3 Ba3 20. Rc2 Bxb3 21. axb3 Qb6 22. Qh6 Be7 23. Ne5 Qb5 24. Rc7 Qxe5 25. Rxe7 a5 26. Qe3 Qb2 27. Qa7 Rb5 28. Qa6 Qxb3 29. h4 a4 30. Ra7 Rb4 31. f3 Qe3+ 32. Kh2 h5 33. Qa5 Rb2 34. Kh3 Ra2 35. Ra8 Rxa8 36. Qxa8+ Kg7 37. Qa5 Qd4 38. Rb1 a3 39. Rb4 Qc3 40. Qb5 Ra1 41. Kh2 Qf6 42. Qg5 Qxg5 43. hxg5 e5 44. Ra4 Kf8 45. g3 Ke7 46. Ra7+ Ke6 47. Kg2 a2 48. Ra6+ Kd7 49. Ra7+ Kc6 50. Ra8 Kc5 51. Rf8 Kc4 52. Re8 Kb3 53. Rb8+ Kc3 54. Rc8+ Kd4 55. Ra8 Kd3 56. Ra7 Kd2 57. Ra8 Ke3 58. Ra3+ Kd4 59. Ra8 Kc4 60. Ra7 Kb3 61. Rb7+ Kc3 62. Rc7+ Kd2 63. Ra7 Kd3 64. Ra3+ Kc4 65. Ra8 Kb3 66. Rb8+ Kc3 67. Rc8+ Kd3 68. Ra8 Rc1 69. Ra3+ Rc3 70. Rxa2 Rc2+ 71. Rxc2 Kxc2 72. f4 Kd3 73. Kf3 exf4 74. Kxf4 Kd4 75. Kf3 Kd3 76. Kf4 Kd4 77. Kf3 Kc4 78. Ke3 Kc5 79. Kd3 Kd6 80. Kd4 Kc6 81. Kc4 Kd6 82. Kd4 Ke6 1/2-1/2

[Event "Krasnodar"]
[Site "Krasnodar"]
[Date "1998.??.??"]
[Round "5"]
[White "Maiorov, Oleg Ivanovich"]
[Black "Averkin, Orest Nikolaevich"]
[Result "1/2-1/2"]
[WhiteElo "2405"]
[BlackElo "2430"]
[PlyCount "35"]
[EventDate "1998.??.??"]
[EventType "tourn"]
[EventRounds "11"]
[EventCountry "RUS"]
[EventCategory "9"]
[SourceTitle "EXT 2000"]
[Source "ChessBase"]
[SourceDate "1999.11.16"]
[SourceVersion "1"]
[SourceVersionDate "1999.11.16"]
[SourceQuality "1"]

1. e4 c5 2. Nc3 Nc6 3. g3 g6 4. d3 Bg7 5. Be3 d6 6. Qd2 Rb8 7. Bg2 b5 8. Nge2 b4 9. Nd1 Nd4 10. 0-0 e6 11. Nc1 Ne7 12. a3 a5 13. axb4 axb4 14. c3 bxc3 15. bxc3 Ndc6 16. Bh6 0-0 17. Bxg7 Kxg7 18. Ne3 1/2-1/2

[Event "RUS-Cup"]
[Site "Krasnodar"]
[Date "1998.??.??"]
[Round "8"]
[White "Zakhartsov, Viacheslav V"]
[Black "Averkin, Orest Nikolaevich"]
[Result "1/2-1/2"]
[WhiteElo "2450"]
[BlackElo "2430"]
[PlyCount "73"]
[EventDate "1998.??.??"]
[EventType "swiss"]
[EventRounds "9"]
[EventCountry "RUS"]
[SourceTitle "EXT 2000"]
[Source "ChessBase"]
[SourceDate "1999.11.16"]
[SourceVersion "1"]
[SourceVersionDate "1999.11.16"]
[SourceQuality "1"]

1. e4 c5 2. Nf3 Nc6 3. d4 cxd4 4. Nxd4 Qc7 5. Nc3 e6 6. g3 a6 7. Bg2 d6 8. 0-0 Bd7 9. Re1 Be7 10. Nxc6 Bxc6 11. Qg4 h5 12. Qe2 h4 13. a4 b6 14. Qc4 hxg3 15. hxg3 Qb7 16. Bf4 Nf6 17. b4 Rc8 18. Qd3 e5 19. Bg5 0-0 20. Bxf6 Bxf6 21. Bh3 Ra8 22. b5 axb5 23. axb5 Bd7 24. Bxd7 Qxd7 25. Nd5 Ra5 26. Rxa5 bxa5 27. Ra1 Rb8 28. Nxf6+ gxf6 29. Rxa5 Kg7 30. c4 Qh3 31. Qf3 Rc8 32. Ra4 Rh8 33. Rb4 Qh6 34. Qg4+ Kf8 35. Qc8+ Kg7 36. Qg4+ Kf8 37. Qc8+ 1/2-1/2

[Event "RUS-Cup6"]
[Site "Krasnodar"]
[Date "1997.03.16"]
[Round "6"]
[White "Kobalia, Mihail"]
[Black "Averkin, Orest Nikolaevich"]
[Result "1-0"]
[WhiteElo "2545"]
[BlackElo "2425"]
[PlyCount "73"]
[EventDate "1997.03.11"]
[EventType "swiss"]
[EventRounds "9"]
[EventCountry "RUS"]
[SourceTitle "EXT 2000"]
[Source "ChessBase"]
[SourceDate "1999.11.16"]
[SourceVersion "1"]
[SourceVersionDate "1999.11.16"]
[SourceQuality "1"]

1. e4 c5 2. Nf3 e6 3. d3 Nc6 4. g3 d5 5. Qe2 Nge7 6. Bg2 g6 7. 0-0 Bg7 8. c3 h6 9. h4 b6 10. Na3 Ba6 11. e5 Nf5 12. Re1 0-0 13. Bf4 b5 14. Nc2 b4 15. cxb4 cxb4 16. Qd2 Rb8 17. d4 Kh7 18. Ne3 Qb6 19. Nxf5 gxf5 20. Rec1 Rfc8 21. Be3 Ne7 22. Nh2 Rxc1+ 23. Rxc1 Rc8 24. Rxc8 Bxc8 25. Bf1 a5 26. Qd3 Kg8 27. Be2 Kf8 28. Qd2 Ng8 29. g4 Ba6 30. Bxa6 Qxa6 31. gxf5 exf5 32. Qc2 Ne7 33. Qc7 Ke8 34. h5 Bf8 35. Nf3 Qb5 36. Nh4 Qd7 37. Qxa5 1-0

[Event "RUS-Cup6"]
[Site "Krasnodar"]
[Date "1997.??.??"]
[Round "8"]
[White "Averkin, Orest Nikolaevich"]
[Black "Stambulian, Arsen"]
[Result "1-0"]
[WhiteElo "2425"]
[BlackElo "2310"]
[PlyCount "58"]
[EventDate "1997.03.11"]
[EventType "swiss"]
[EventRounds "9"]
[EventCountry "RUS"]
[SourceTitle "EXT 2000"]
[Source "ChessBase"]
[SourceDate "1999.11.16"]
[SourceVersion "1"]
[SourceVersionDate "1999.11.16"]
[SourceQuality "1"]

1. d4 Nf6 2. Nf3 g6 3. c4 Bg7 4. Nc3 d5 5. cxd5 Nxd5 6. Qb3 Nb6 7. Bg5 0-0 8. Rd1 a5 9. e3 Nc6 10. d5 Ne5 11. Nxe5 Bxe5 12. Be2 a4 13. Qb4 f6 14. Bh6 Rf7 15. Nb5 a3 16. b3 Bd7 17. f4 Bb2 18. Bf3 Qc8 19. 0-0 c5 20. dxc6 Bxc6 21. e4 Nd7 22. Bg4 Bxb5 23. Qxb5 Qc5+ 24. Qxc5 Nxc5 25. b4 Nxe4 26. Be6 Nd6 27. g4 f5 28. g5 Ra4 29. Rfe1 Bc3 1-0

[Event "RUS-ch sf"]
[Site "Krasnodar"]
[Date "1997.??.??"]
[Round "?"]
[White "Beshukov, Sergei"]
[Black "Averkin, Orest Nikolaevich"]
[Result "0-1"]
[WhiteElo "2435"]
[BlackElo "2425"]
[PlyCount "82"]
[EventDate "1997.??.??"]
[EventType "swiss"]
[EventRounds "9"]
[EventCountry "RUS"]
[SourceTitle "EXT 2000"]
[Source "ChessBase"]
[SourceDate "1999.11.16"]
[SourceVersion "1"]
[SourceVersionDate "1999.11.16"]
[SourceQuality "1"]

1. e4 c5 2. Nf3 Nc6 3. d4 cxd4 4. Nxd4 Qc7 5. Nc3 e6 6. Be2 a6 7. 0-0 Nf6 8. Be3 Bb4 9. Na4 Be7 10. Nxc6 bxc6 11. Nb6 Rb8 12. Nxc8 Qxc8 13. e5 Nd5 14. Bc1 Bc5 15. c4 Ne7 16. b3 Qc7 17. Bb2 d6 18. exd6 Bxd6 19. g3 Be5 20. Bxe5 Qxe5 21. Bf3 c5 22. Qc1 Nf5 23. Bc6+ Ke7 24. Qa3 Rb6 25. Bd5 Rc8 26. Rad1 Kf8 27. Rfe1 Qf6 28. Be4 Nd4 29. Qa5 Qd8 30. Kf1 Rd6 31. Qa3 a5 32. Qc1 h6 33. Qf4 Rd7 34. Rd3 Qg5 35. Qe3 Rcd8 36. Red1 Rd6 37. h4 Qe7 38. Qf4 f5 39. Bg2 e5 40. Qd2 e4 41. Re1 Nf3 0-1

[Event "Yalta op"]
[Site "Yalta"]
[Date "1996.??.??"]
[Round "7"]
[White "Averkin, Orest Nikolaevich"]
[Black "Kondenko, Alexey"]
[Result "1-0"]
[WhiteElo "2455"]
[BlackElo "2230"]
[PlyCount "123"]
[EventDate "1996.??.??"]
[EventType "swiss"]
[EventRounds "11"]
[EventCountry "UKR"]
[SourceTitle "EXT 1998"]
[Source "ChessBase"]
[SourceDate "1997.11.17"]
[SourceVersion "1"]
[SourceVersionDate "1997.11.17"]
[SourceQuality "1"]

1. d4 Nf6 2. Nf3 g6 3. c4 Bg7 4. Nc3 d6 5. e4 0-0 6. Be2 e5 7. 0-0 Nc6 8. d5 Ne7 9. a4 Nh5 10. a5 c5 11. Re1 h6 12. g3 Nf6 13. Bf1 Ne8 14. Nh4 g5 15. Nf3 f5 16. exf5 Bxf5 17. Nd2 e4 18. Ndxe4 Ng6 19. f3 Bd4+ 20. Kh1 Qd7 21. Bg2 Ne5 22. Nb5 Bh3 23. Nxd4 cxd4 24. Rf1 Nxc4 25. Qxd4 Rc8 26. f4 Qf5 27. b3 Ne5 28. Ra2 Nf3 29. Qd3 Bxg2+ 30. Rxg2 Ne5 31. Qe2 Ng6 32. Rd1 g4 33. Bb2 Rf7 34. Qd3 Rcc7 35. Re2 Rce7 36. Rde1 Kf8 37. Qd4 a6 38. Ba3 Kg8 39. Kg1 Qd7 40. Bb2 Kh7 41. Qd3 Qb5 42. Qxb5 axb5 43. Ba3 Rd7 44. h3 gxh3 45. Kh2 Rf5 46. Bb2 b4 47. Kxh3 Rxd5 48. Nf2 Ng7 49. Ng4 Nh5 50. Re4 Rf7 51. Rxb4 Rxa5 52. Re8 Ra2 53. Bd4 Rd2 54. f5 Ne5 55. Nxe5 dxe5 56. Bxe5 Ng7 57. Bxg7 Kxg7 58. Rb5 Rd3 59. Re6 Kh7 60. Rbb6 Rxf5 61. Rxb7+ Kg8 62. Rg6+ 1-0

[Event "Sochi"]
[Site "Sochi"]
[Date "1996.??.??"]
[Round "?"]
[White "Averkin, Orest Nikolaevich"]
[Black "Zhidkov, Valery S"]
[Result "1/2-1/2"]
[WhiteElo "2455"]
[BlackElo "2385"]
[PlyCount "40"]
[EventDate "1996.??.??"]
[EventType "tourn"]
[EventRounds "15"]
[EventCountry "RUS"]
[EventCategory "9"]
[SourceTitle "EXT 1998"]
[Source "ChessBase"]
[SourceDate "1997.11.17"]
[SourceVersion "1"]
[SourceVersionDate "1997.11.17"]
[SourceQuality "1"]

1. d4 Nf6 2. c4 g6 3. Nc3 d5 4. cxd5 Nxd5 5. e4 Nxc3 6. bxc3 Bg7 7. Bc4 c5 8. Ne2 cxd4 9. cxd4 Nc6 10. Be3 b5 11. Bxb5 Qa5+ 12. Nc3 Qxc3+ 13. Bd2 Qxd4 14. Bxc6+ Bd7 15. Bxa8 Qxa1 16. Qxa1 Bxa1 17. 0-0 0-0 18. Rxa1 Rxa8 19. Rc1 Rc8 20. Rxc8+ Bxc8 1/2-1/2

[Event "Sochi"]
[Site "Sochi"]
[Date "1996.??.??"]
[Round "?"]
[White "Guliev, Sarhan"]
[Black "Averkin, Orest Nikolaevich"]
[Result "1-0"]
[WhiteElo "2505"]
[BlackElo "2455"]
[PlyCount "59"]
[EventDate "1996.??.??"]
[EventType "tourn"]
[EventRounds "15"]
[EventCountry "RUS"]
[EventCategory "9"]
[SourceTitle "EXT 1998"]
[Source "ChessBase"]
[SourceDate "1997.11.17"]
[SourceVersion "1"]
[SourceVersionDate "1997.11.17"]
[SourceQuality "1"]

1. d4 Nf6 2. c4 c5 3. d5 e5 4. Nc3 d6 5. e4 Be7 6. Nf3 Nbd7 7. Be2 h6 8. a3 b6 9. b4 0-0 10. 0-0 cxb4 11. axb4 a5 12. Nd2 axb4 13. Rxa8 bxc3 14. Nb1 Nxe4 15. Qc2 f5 16. Nxc3 Nxc3 17. Qxc3 Qc7 18. Bd2 Bd8 19. Qg3 Kh7 20. Bb4 Nc5 21. Qa3 Bf6 22. Rb1 e4 23. Qa7 Rf7 24. Qxc7 Rxc7 25. Bxc5 bxc5 26. Rb6 Bd7 27. Rxd6 Rb7 28. Rda6 Rb1+ 29. Bf1 f4 30. Rxf6 1-0

[Event "Sochi"]
[Site "Sochi"]
[Date "1996.??.??"]
[Round "?"]
[White "Poluljahov, Aleksandr"]
[Black "Averkin, Orest Nikolaevich"]
[Result "1-0"]
[WhiteElo "2480"]
[BlackElo "2455"]
[PlyCount "87"]
[EventDate "1996.??.??"]
[EventType "tourn"]
[EventRounds "15"]
[EventCountry "RUS"]
[EventCategory "9"]
[SourceTitle "EXT 1998"]
[Source "ChessBase"]
[SourceDate "1997.11.17"]
[SourceVersion "1"]
[SourceVersionDate "1997.11.17"]
[SourceQuality "1"]

1. e4 c5 2. Nf3 e6 3. d3 Nc6 4. g3 d5 5. Qe2 Nge7 6. Bg2 g6 7. 0-0 Bg7 8. c3 h6 9. Na3 b6 10. h4 Ba6 11. e5 Qc7 12. Re1 0-0-0 13. Bd2 Kb8 14. b4 cxb4 15. cxb4 Nf5 16. Bc3 Bf8 17. Rab1 h5 18. Qd1 Rc8 19. Bf1 Ka8 20. Qa4 Nb8 21. Bd2 Be7 22. b5 Qd7 23. d4 Bb7 24. Rec1 Rxc1 25. Rxc1 Rc8 26. Rxc8 Bxc8 27. Qb3 Qc7 28. Nc2 Bd7 29. Ne3 Nxe3 30. Bxe3 Kb7 31. Bg5 Bf8 32. Bd2 Be8 33. Ng5 Be7 34. Nh7 Nd7 35. Bb4 Qd8 36. Qa3 Bxb4 37. Qxb4 Kc8 38. Qa3 Qc7 39. Ng5 Kd8 40. Bh3 Qc4 41. Bxe6 Qxd4 42. Qd6 Qc5 43. Nxf7+ Kc8 44. Qc6+ 1-0

[Event "Aegina op"]
[Site "Aegina"]
[Date "1995.??.??"]
[Round "6"]
[White "Averkin, Orest Nikolaevich"]
[Black "Tzoumbas, Anastasios"]
[Result "1/2-1/2"]
[WhiteElo "2465"]
[BlackElo "2360"]
[PlyCount "54"]
[EventDate "1995.07.??"]
[EventType "swiss"]
[EventRounds "9"]
[EventCountry "GRE"]
[SourceTitle "EXT 1997"]
[Source "ChessBase"]
[SourceDate "1996.11.15"]
[SourceVersion "1"]
[SourceVersionDate "1996.11.15"]
[SourceQuality "1"]

1. d4 Nf6 2. Nf3 e6 3. Bg5 c5 4. e3 cxd4 5. exd4 Be7 6. Nbd2 0-0 7. Bd3 d6 8. 0-0 a5 9. Re1 b6 10. c3 Ba6 11. Bc2 Nbd7 12. a4 Rb8 13. Nf1 b5 14. axb5 Bxb5 15. Bc1 Qc7 16. Ne3 Rfc8 17. h3 Ra8 18. Bd2 Bc6 19. Ng4 Qb7 20. Bc1 Be4 21. Nxf6+ Nxf6 22. Bxe4 Nxe4 23. Re2 Nf6 24. Bg5 Qb5 25. Bxf6 Bxf6 26. Ra4 Rab8 27. Ra2 Ra8 1/2-1/2

[Event "Cappelle op 10th"]
[Site "Cappelle la Grande"]
[Date "1994.??.??"]
[Round "4"]
[White "Franzen, Jozef"]
[Black "Averkin, Orest Nikolaevich"]
[Result "1/2-1/2"]
[WhiteElo "2315"]
[BlackElo "2465"]
[PlyCount "39"]
[EventDate "1994.02.??"]
[EventType "swiss"]
[EventRounds "9"]
[EventCountry "FRA"]
[SourceTitle "TD"]
[Source "ChessBase"]
[SourceDate "1994.03.01"]
[SourceVersion "1"]
[SourceVersionDate "1994.03.01"]
[SourceQuality "1"]

1. e4 c5 2. Nf3 e6 3. d4 cxd4 4. Nxd4 a6 5. Bd3 Nf6 6. 0-0 d6 7. c4 g6 8. Nc3 Bg7 9. Be3 0-0 10. Rc1 Nbd7 11. Kh1 Re8 12. b3 b6 13. f3 Bb7 14. Qd2 h5 15. Bg5 Qc7 16. Bb1 Nh7 17. Bh4 Ndf6 18. Nd1 Rad8 19. Ne2 Ba8 20. Bf2 1/2-1/2

[Event "Belgrade1"]
[Site "Belgrade"]
[Date "1992.??.??"]
[Round "?"]
[White "Averkin, Orest Nikolaevich"]
[Black "Mirkovic, Slobodan"]
[Result "1-0"]
[WhiteElo "2490"]
[BlackElo "2365"]
[PlyCount "71"]
[EventDate "1992.??.??"]
[EventType "game"]
[EventRounds "1"]
[EventCountry "YUG"]
[SourceTitle "EXT 2010"]
[Source "ChessBase"]
[SourceDate "2010.11.25"]
[SourceVersion "1"]
[SourceVersionDate "2010.11.25"]
[SourceQuality "1"]

1. d4 d5 2. c4 dxc4 3. Nf3 Nf6 4. Nc3 c5 5. d5 e6 6. e4 exd5 7. e5 Nfd7 8. Bg5 Be7 9. Bxe7 Qxe7 10. Nxd5 Qd8 11. Qc2 Nb6 12. 0-0-0 Nxd5 13. Bxc4 0-0 14. Rxd5 Qe7 15. h4 Nc6 16. Qe4 Be6 17. Ng5 g6 18. Nxe6 fxe6 19. Rd6 Nd4 20. Rd1 Kh8 21. Rd2 Rad8 22. Rxd8 Rxd8 23. g3 a5 24. a4 Qd7 25. Qf4 Kg8 26. Qf6 Re8 27. b3 Qc6 28. Kb2 Rf8 29. Qe7 Rf7 30. Qd8+ Rf8 31. Qxa5 b6 32. Qa7 Qe4 33. Qxb6 Qxe5 34. Ka2 Kg7 35. Rb2 Rf7 36. a5 1-0